Statistiques concernant Harry Potter: les Strangulots

Cliquez ici pour prendre le quiz!

Statistiques générales

  • Ce quiz a été pris 31 fois
  • Le résultat moyen est 5 sur 5

Statistiques - réponses

InformationRéponse% Correct
Derniere apparitionHarry Potter et la Coupe de Feu
100%
Première apparitionHarry Potter et le Prisonnier d'Azkaban
97%
LocalisationLacs de Grande Bretagne et d'Irlande
97%
Dernière mentionHarry Potter et les Reliques de la Mort
90%
StatutAnimal
69%

Distribution des résultats

Percentile par nombre de réponses

% des personnes avec chaque résultat

Votre développement - résultats

Vous n’avez pas pris ce quiz